Pays qui reconnaissent l'Abkhazie - Statistiques

Statistiques générales
  • Ce quiz a été pris 86 fois
  • Le résultat moyen est 2 sur 5
Statistiques - réponses
Pays % Correct
Russie
99%
Venezuela
45%
Syrie
41%
Nauru
25%
Nicaragua
20%
Aucun quiz correspondant
Distribution des résultats
% des personnes avec chaque résultat
Percentile par nombre de réponses
Votre historique - résultats
Vous n’avez pas pris ce quiz